Normale Ansicht MARC-Ansicht ISBD

Abgeordnete Sahra Damus plant sechsmonatige Auszeit. (Titelsatznr. 371316)

[ MARC ]
MARC-Details
000 -Satzkennung
Kontrollfeld mit fester Länge 00795nam a22001937a 4500
008 - Feld mit fester Länge zur physischen Beschreibung - Allgemeine Angaben
Kontrollfeld mit fester Länge 201127b ||||| |||| 00| 0 eng d
040 ## - Katalogisierungsquelle
Original-Katalogisierungsstelle DE-2950
Katalogisierungssprache ger
Übertragungsstelle DE-2950
Beschreibungsfestlegungen rda
041 ## - Sprachcode
Sprachcode des Textes/der Tonspur oder des separaten Titels ger
245 ## - Titel
Haupttitel Abgeordnete Sahra Damus plant sechsmonatige Auszeit.
Titelzusatz Politik: Seit 2019 ist die Grünen-Politikerin aus Frankfurt Mitglied des Landtages. Ab Ende Januar pausiert die 39-Jährige. Der Grund ist überaus erfreulich /
Verantwortlichkeitsangabe Thomas Gutke
264 ## - Veröffentlichungsangabe, Vertriebsangabe, Herstellungsangabe
Erscheinungs-, Vertriebs-, Herstellungsdatum 2022
653 ## - Lokales Schlagwort
Nicht-normierter Term Frankfurt (Oder)
653 ## - Lokales Schlagwort
Nicht-normierter Term Damus, Sahra
653 ## - Lokales Schlagwort
Nicht-normierter Term Bündnis 90/ Die Grünen
773 ## - Übergeordnete Einheit
Ort, Verlag und Erscheinungsjahr Frankfurt (Oder) Märkisches Verlags- und Druckhaus GmbH & Co KG
Titel Märkische Oderzeitung
Verknüpfungsangaben 33. Jahrgang (2022) Nr. 10 vom 13.01.2022, S. 16
942 ## - Zusätzliche Felder (Koha)
Koha-Medientyp Aufsätze
Exemplare
Ausgeschieden Verloren Beschädigt Nicht entleihbar Permanenter Standort Aktueller Standort Aufstellungsort Eingabedatum Anzahl Ausleihen Signatur Letzte Aktivität Preis gültig von Medientyp
        Stadtarchiv Frankfurt (Oder) | Archivbibliothek Stadtarchiv Frankfurt (Oder) | Archivbibliothek Magazin 21/01/2022   Z2 21/01/2022 21/01/2022 Aufsätze